| 000 | 01572cam a22003134a 4500 | ||
|---|---|---|---|
| 001 | 2706 | ||
| 003 | FISKH | ||
| 005 | 20240110140155.0 | ||
| 008 | 040813s2005 nyuabf b 001 0 eng | ||
| 010 | _a 2004057152 | ||
| 020 | _a0670033375 | ||
| 020 | _a9780140279511 | ||
| 040 |
_aDLC _cDLC _dDLC _beng |
||
| 042 | _apcc | ||
| 050 | 0 | 0 |
_aHN13 _b.D5 2005 |
| 082 | 0 | 0 |
_a304.2/8 _222 |
| 100 | 1 | _aDiamond, Jared M. | |
| 245 | 1 | 0 |
_aCollapse : _bhow societies choose to fail or succeed / _cJared Diamond. |
| 250 | _aThis Edition published in 2006 | ||
| 260 |
_aNew York : _bPenguin Books, _c2005. |
||
| 300 |
_a575 pages : _bmaps ; illustrations ; _c21 cm |
||
| 504 | _aIncludes bibliographical references (p. [529]-560) and index. | ||
| 520 | _aWhat caused some of the great civilizations of the past to collapse into ruin, and what can we learn from their fates? Diamond weaves an all-encompassing global thesis through a series of historical-cultural narratives. Moving from the prehistoric Polynesian culture of Easter Island to the formerly flourishing Native American civilizations of the Anasazi and the Maya, the doomed medieval Viking colony on Greenland, and finally to the modern world, Diamond traces a pattern of catastrophe, spelling out what happens when we squander our resources, when we ignore the signals or environment gives us. | ||
| 650 | 0 |
_aSocial history _vCase studies. |
|
| 650 | 0 |
_aSocial change _vCase studies. |
|
| 650 | 0 |
_aEnvironmental policy _vCase studies. |
|
| 906 |
_a7 _bcbc _corignew _d1 _eocip _f20 _gy-gencatlg |
||
| 942 |
_2ddc _cBK _n0 |
||
| 999 |
_c2706 _d2706 |
||